000 02440cam a2200169 4500500
005 20260222002915.0
041 _afre
042 _adc
100 1 0 _aLantz, Pierre
_eauthor
245 0 0 _aL'espace et le temps quotidiens comme enjeu politique
260 _c2013.
500 _a7
520 _aLa sociologie courante n’accorde de visibilité aux individus qu’au moment de leur appartenance à des institutions et à des organisations. Au contraire, chez Henri Lefebvre, le syntagme « vie quotidienne » désigne la continuité de ce qui est vécu par les individus singuliers en dehors des périodes de contrainte spécifique. Aussi, « la rue » représente-t-elle la continuité de notre vie sociale en rendant manifestes les multiples temporalités qui la traversent. Les lieux qui rassemblent marchands et acheteurs se métamorphosent en espace politique. L’urbain quotidien est un terrain d’affrontement entre rythmes routiniers, rassurants à certains égards, et élans collectifs de bouleversement social et politique. Les temporalités urbaines se font entendre à travers les bruits de la ville. Les pouvoirs religieux et politiques tentent de les dominer en imposant à la vie quotidienne l’ordre de leur calendrier et en marquant le temps urbain par les symboles sonores qui leur sont propres.
520 _aEveryday life time and space : the political issue at stakeAn original meaning is taken by the syntagm « everyday life » in Henri Lefebvre’s works. Current sociology ignores individualities when they don’t belong to institutions and organizations. On the contrary, everyday life here refers to the continuity of the real life beyond any special membership. Thus, in our society, the street stands for the everyday life ; squares where consumers gather possibly are turning into places of political or religious demonstrations. The everyday life of the city is a field of confrontation between routine rhythms and public outbursts. Street noises convey the diversity of temporalities peculiar to different urban activities. Above them, political and religions powers endeavour to impose their calendar and to control the city’s ordinary life with their respective sounds and voices.
786 0 _nL'Homme & la Société | 185-186 | 3 | 2013-03-01 | p. 45-57 | 0018-4306
856 4 1 _uhttps://shs.cairn.info/revue-l-homme-et-la-societe-2012-3-page-45?lang=fr&redirect-ssocas=7080
999 _c1666607
_d1666607